[Event "Oberliga Nord O 1415"]
[Site "Germany"]
[Date "2014.10.19"]
[Round "2.2"]
[White "Schurade, Matthias"]
[Black "Rietze, Clemens"]
[Result "0-1"]
[WhiteElo "2304"]
[BlackElo "2274"]
[PlyCount "76"]
[EventDate "2014.09.21"]
[EventType "team-tourn"]
[EventRounds "9"]
[EventCountry "GER"]
[SourceTitle "EXT 2016"]
[Source "ChessBase"]
[SourceDate "2015.10.08"]
[SourceVersion "1"]
[SourceVersionDate "2015.10.08"]
[SourceQuality "1"]
[WhiteTeam "Fuerstenwalde"]
[BlackTeam "Potsdam USV"]
[WhiteTeamCountry "GER"]
[BlackTeamCountry "GER"]

1. e4 c5 2. Nf3 e6 3. d4 cxd4 4. Nxd4 Nc6 5. Nc3 Qc7 6. g3 a6 7. Bg2 Nf6 8. 0-0 Be7 9. Re1 0-0 10. Bf4 e5 11. Nd5 Nxd5 12. exd5 exf4 13. dxc6 dxc6 14. Qh5 Bf6 15. Rad1 fxg3 16. hxg3 g6 17. Qf3 Kg7 18. c3 h5 19. Qe3 Rh8 20. b4 h4 21. gxh4 Bg4 22. Nf3 a5 23. a3 axb4 24. axb4 Ra3 25. Rc1 Bxf3 26. Qxf3 Rxh4 27. Red1 Qh2+ 28. Kf1 Rf4 29. Qd3 Qh4 30. Rc2 Bd4 31. Qxd4+ Rxd4 32. Rxd4 Ra1+ 33. Ke2 Qh2 34. Bf3 Qe5+ 35. Kd2 Rf1 36. Kd3 Qb5+ 37. Ke3 Re1+ 38. Kd2 Qf1 0-1

[Event "GER-ch 75th"]
[Site "Hoeckendorf"]
[Date "2004.02.07"]
[Round "9"]
[White "Schurade, Matthias"]
[Black "Enders, Peter"]
[Result "1/2-1/2"]
[WhiteElo "2370"]
[BlackElo "2478"]
[PlyCount "107"]
[EventDate "2004.01.30"]
[EventType "swiss"]
[EventRounds "9"]
[EventCountry "GER"]
[SourceTitle "CBM 100"]
[Source "ChessBase"]
[SourceDate "2004.06.01"]
[SourceVersion "1"]
[SourceVersionDate "2004.06.01"]
[SourceQuality "1"]

1. e4 c5 2. Nf3 Nc6 3. Bb5 g6 4. 0-0 Bg7 5. Re1 e5 6. b4 Nxb4 7. Ba3 a6 8. c3 Nc6 9. Bxc6 bxc6 10. Bxc5 d6 11. Ba3 Bg4 12. h3 Bxf3 13. Qxf3 Ne7 14. d4 exd4 15. e5 dxe5 16. cxd4 0-0 17. Nd2 Re8 18. Nc4 e4 19. Qxe4 Nf5 20. Qxc6 Nxd4 21. Rxe8+ Qxe8 22. Qxe8+ Rxe8 23. Rb1 Nb5 24. Bb4 Re2 25. Rd1 h5 26. a4 Nd4 27. Bc5 Ne6 28. Be3 Ra2 29. Nb6 Bc3 30. g3 Ba5 31. Nd7 Rxa4 32. Rd6 Bc3 33. Nc5 Nxc5 34. Bxc5 Rc4 35. Be3 a5 36. Ra6 a4 37. Kf1 Bd4 38. Bxd4 Rxd4 39. Ke2 h4 40. Ke3 hxg3 41. fxg3 Rb4 42. h4 Kg7 43. Kf3 Rb3+ 44. Kf4 Ra3 45. Ra7 Ra1 46. Kf3 a3 47. Kg2 a2 48. Ra6 Kf8 49. Ra8+ Ke7 50. Ra7+ Ke6 51. Ra5 Kd6 52. Ra6+ Kd5 53. Ra5+ Kc4 54. Ra8 1/2-1/2

[Event "GER-ch 75th"]
[Site "Hoeckendorf"]
[Date "2004.02.05"]
[Round "7"]
[White "Schurade, Matthias"]
[Black "Muse, Mladen"]
[Result "1/2-1/2"]
[WhiteElo "2370"]
[BlackElo "2452"]
[PlyCount "40"]
[EventDate "2004.01.30"]
[EventType "swiss"]
[EventRounds "9"]
[EventCountry "GER"]
[SourceTitle "CBM 100"]
[Source "ChessBase"]
[SourceDate "2004.06.01"]
[SourceVersion "1"]
[SourceVersionDate "2004.06.01"]
[SourceQuality "1"]

1. e4 c5 2. Nf3 d6 3. d4 cxd4 4. Nxd4 Nf6 5. Nc3 Nc6 6. Be3 Ng4 7. Bb5 Nxe3 8. Nxc6 Nxd1 9. Nxd8+ Kxd8 10. Rxd1 e6 11. 0-0 a6 12. Be2 Kc7 13. f4 Be7 14. e5 f5 15. exf6 Bxf6 16. Ne4 Be7 17. Rf3 Bd7 18. Rc3+ Bc6 19. Bg4 Raf8 20. g3 Bf6 1/2-1/2

[Event "GER-ch 75th"]
[Site "Hoeckendorf"]
[Date "2004.02.03"]
[Round "5"]
[White "Schurade, Matthias"]
[Black "Degtiarev, Evgeny"]
[Result "1/2-1/2"]
[WhiteElo "2370"]
[BlackElo "2281"]
[PlyCount "93"]
[EventDate "2004.01.30"]
[EventType "swiss"]
[EventRounds "9"]
[EventCountry "GER"]
[SourceTitle "CBM 100"]
[Source "ChessBase"]
[SourceDate "2004.06.01"]
[SourceVersion "1"]
[SourceVersionDate "2004.06.01"]
[SourceQuality "1"]

1. e4 e5 2. Nf3 Nc6 3. Bb5 a6 4. Ba4 Nf6 5. 0-0 Be7 6. Re1 b5 7. Bb3 d6 8. c3 0-0 9. d4 Bg4 10. Be3 exd4 11. cxd4 Na5 12. Bc2 Nc4 13. Bc1 c5 14. b3 Nb6 15. dxc5 dxc5 16. Nbd2 Nfd7 17. Bb2 Re8 18. h3 Bh5 19. e5 Nf8 20. Be4 Rb8 21. Qc2 Bg6 22. Rad1 Ne6 23. Nf1 Qc7 24. Ng3 c4 25. Nd4 Bb4 26. Re3 Bc5 27. Nxe6 Rxe6 28. Rf3 Rd8 29. Rxd8+ Qxd8 30. Bf5 Be7 31. Qe2 Bxf5 32. Nxf5 Bc5 33. Rg3 Rg6 34. e6 Rxg3 35. exf7+ Kxf7 36. Nxg3 Qd5 37. Qg4 g6 38. Qf4+ Ke8 39. Ne4 Be7 40. Qb8+ Qd8 41. Qe5 Qd1+ 42. Kh2 cxb3 43. Ba3 Nc8 44. Qe6 Kd8 45. Bxe7+ Nxe7 46. axb3 Qd4 47. f4 1/2-1/2

[Event "GER-ch 75th"]
[Site "Hoeckendorf"]
[Date "2004.02.02"]
[Round "4"]
[White "Naiditsch, Arkadij"]
[Black "Schurade, Matthias"]
[Result "1-0"]
[WhiteElo "2576"]
[BlackElo "2370"]
[PlyCount "63"]
[EventDate "2004.01.30"]
[EventType "swiss"]
[EventRounds "9"]
[EventCountry "GER"]
[SourceTitle "CBM 100"]
[Source "ChessBase"]
[SourceDate "2004.06.01"]
[SourceVersion "1"]
[SourceVersionDate "2004.06.01"]
[SourceQuality "1"]

1. e4 c5 2. Nf3 d6 3. d4 cxd4 4. Nxd4 Nf6 5. Nc3 a6 6. Bg5 e6 7. f4 Be7 8. Qf3 Qc7 9. 0-0-0 Nbd7 10. Bd3 h6 11. Qh3 Rg8 12. Bxf6 Nxf6 13. f5 e5 14. Nf3 Bd7 15. Nd2 b5 16. Nd5 Nxd5 17. exd5 Bg5 18. Kb1 Bxd2 19. Rxd2 0-0-0 20. Qh5 f6 21. c4 b4 22. c5 dxc5 23. d6 Qxd6 24. Rhd1 Qb6 25. Bc4 Rgf8 26. Rxd7 Rxd7 27. Be6 Rfd8 28. Rxd7 Rxd7 29. Qe8+ Qd8 30. Bxd7+ Kc7 31. Qxd8+ Kxd8 32. Be6 1-0

[Event "GER-ch 75th"]
[Site "Hoeckendorf"]
[Date "2004.02.01"]
[Round "3"]
[White "Schurade, Matthias"]
[Black "Gustafsson, Jan"]
[Result "0-1"]
[WhiteElo "2370"]
[BlackElo "2572"]
[PlyCount "104"]
[EventDate "2004.01.30"]
[EventType "swiss"]
[EventRounds "9"]
[EventCountry "GER"]
[SourceTitle "CBM 100"]
[Source "ChessBase"]
[SourceDate "2004.06.01"]
[SourceVersion "1"]
[SourceVersionDate "2004.06.01"]
[SourceQuality "1"]

1. e4 e5 2. Nf3 Nc6 3. Nc3 Nf6 4. Bb5 Bd6 5. d3 h6 6. Be3 a6 7. Ba4 0-0 8. h3 b5 9. Bb3 Bb4 10. 0-0 Bxc3 11. bxc3 d5 12. exd5 Nxd5 13. Bd2 Re8 14. Re1 Bf5 15. c4 Nb6 16. cxb5 axb5 17. Bc3 Qd6 18. Qe2 Nd7 19. d4 Nxd4 20. Bxd4 exd4 21. Qxb5 c5 22. Rxe8+ Rxe8 23. Re1 Rb8 24. Qc4 Bg6 25. Nh4 Nb6 26. Qe2 d3 27. cxd3 Bxd3 28. Qd2 c4 29. Bc2 Rd8 30. Bxd3 cxd3 31. Nf5 Qf6 32. Ne3 h5 33. Rd1 Na4 34. Rc1 g6 35. Qb4 d2 36. Rf1 Nc3 37. Qb3 Qd4 38. Nd1 Ne2+ 39. Kh1 Nc1 40. Qc2 Ra8 41. Qc3 Qd6 42. f4 Nxa2 43. Qf3 Ra3 44. Qb7 Nc3 45. Qc8+ Qf8 46. Qc6 Ne2 47. Kh2 Qb8 48. Qc4 Ng3 49. Rf2 Qd6 50. Qc2 h4 51. Qc8+ Kg7 52. Qg4 Ra1 0-1

[Event "Oberliga Nord O 0304"]
[Site "Germany"]
[Date "2003.11.02"]
[Round "2.2"]
[White "Baumbach, Friedrich"]
[Black "Schurade, Matthias"]
[Result "0-1"]
[WhiteElo "2296"]
[BlackElo "2374"]
[PlyCount "72"]
[EventDate "2003.10.12"]
[EventType "team-tourn"]
[EventRounds "9"]
[EventCountry "GER"]
[SourceTitle "EXT 2005"]
[Source "ChessBase"]
[SourceDate "2004.11.15"]
[SourceVersion "1"]
[SourceVersionDate "2004.11.15"]
[SourceQuality "1"]
[WhiteTeam "Friesen Lichtenberg"]
[BlackTeam "Schwedt"]
[WhiteTeamCountry "GER"]
[BlackTeamCountry "GER"]

1. d4 Nf6 2. c4 e6 3. Nf3 b6 4. g3 Bb7 5. Bg2 Bb4+ 6. Bd2 Be7 7. Nc3 0-0 8. 0-0 c5 9. d5 exd5 10. Nh4 d6 11. cxd5 Re8 12. Nf5 Bf8 13. Bg5 h6 14. Bf4 a6 15. a4 Bc8 16. Qc2 Bxf5 17. Qxf5 Nbd7 18. Qc2 Rb8 19. Rab1 b5 20. axb5 axb5 21. b4 Ne5 22. Bxe5 Rxe5 23. Qd3 c4 24. Qd4 g6 25. Ra1 Bg7 26. Ra5 Qe8 27. e4 Ng4 28. Qd2 Re7 29. f4 Qd8 30. Bf3 Qb6+ 31. Kh1 Bxc3 32. Qxc3 Nf2+ 33. Kg2 Nxe4 34. Qc2 f5 35. Rfa1 Rbe8 36. Ra6 Qd4 0-1

[Event "Guben op"]
[Site "Guben"]
[Date "2003.??.??"]
[Round "4"]
[White "Schurade, Matthias"]
[Black "Kasparova, Tatiana"]
[Result "1-0"]
[WhiteElo "2365"]
[BlackElo "2204"]
[PlyCount "61"]
[EventDate "2003.??.??"]
[EventType "swiss"]
[EventRounds "7"]
[EventCountry "GER"]
[SourceTitle "EXT 2008"]
[Source "ChessBase"]
[SourceDate "2007.11.25"]
[SourceVersion "1"]
[SourceVersionDate "2007.11.25"]
[SourceQuality "1"]

1. e4 d6 2. d4 Nf6 3. Nc3 e5 4. Nf3 Nbd7 5. Bc4 Be7 6. 0-0 0-0 7. Qe2 c6 8. a4 b6 9. Rd1 Qc7 10. Ba2 Bb7 11. dxe5 dxe5 12. Nh4 Bc8 13. Nf5 Nc5 14. Bg5 Be6 15. b4 Bxa2 16. bxc5 Be6 17. Nxe7+ Qxe7 18. cxb6 axb6 19. Qe3 Rfb8 20. Rab1 c5 21. Qg3 Bc4 22. Rd5 Re8 23. Rxb6 Nxd5 24. Nxd5 Qf8 25. Nf6+ Kh8 26. Qh4 h6 27. Bxh6 gxh6 28. Nd7 Qg7 29. Rxh6+ Kg8 30. Nf6+ Kf8 31. Rh8+ 1-0

[Event "Oberliga Nord O 0102"]
[Site "Germany"]
[Date "2002.01.20"]
[Round "4.3"]
[White "Schurade, Matthias"]
[Black "Schulz, Joern"]
[Result "1/2-1/2"]
[WhiteElo "2370"]
[BlackElo "2210"]
[PlyCount "77"]
[EventDate "2001.10.07"]
[EventType "team"]
[EventRounds "9"]
[EventCountry "GER"]
[SourceTitle "EXT 2002"]
[Source "ChessBase"]
[SourceDate "2001.11.25"]
[SourceVersion "1"]
[SourceVersionDate "2001.11.25"]
[SourceQuality "1"]
[WhiteTeam "Schwedt"]
[BlackTeam "Berlin Rotation"]
[WhiteTeamCountry "GER"]
[BlackTeamCountry "GER"]

1. e4 c5 2. Nf3 d6 3. d4 cxd4 4. Nxd4 Nf6 5. Nc3 a6 6. h3 e6 7. g4 b5 8. Bg2 Bb7 9. g5 Nfd7 10. 0-0 Nc6 11. Nxc6 Bxc6 12. f4 b4 13. Ne2 Qb6+ 14. Kh2 Qb7 15. Ng3 Be7 16. a3 f5 17. axb4 fxe4 18. Qh5+ g6 19. Qg4 Kf7 20. Bd2 h5 21. Qe2 d5 22. h4 Bb5 23. Qf2 Bxf1 24. Rxf1 Bxb4 25. f5 exf5 26. Nxf5 gxf5 27. Qxf5+ Ke7 28. Bh3 Bxd2 29. Qe6+ Kd8 30. Rf7 Ra7 31. g6 Re8 32. Qd6 Qc7 33. Rxd7+ Qxd7 34. Qb8+ Ke7 35. Qe5+ Kd8 36. Qb8+ Ke7 37. Qe5+ Kf8 38. Qh8+ Ke7 39. Qe5+ 1/2-1/2

[Event "Oberliga Nord O 0102"]
[Site "Germany"]
[Date "2001.11.11"]
[Round "2.3"]
[White "Schurade, Matthias"]
[Black "Lueders, Gerhard"]
[Result "1-0"]
[WhiteElo "2370"]
[BlackElo "2225"]
[PlyCount "139"]
[EventDate "2001.10.07"]
[EventType "team"]
[EventRounds "9"]
[EventCountry "GER"]
[SourceTitle "EXT 2002"]
[Source "ChessBase"]
[SourceDate "2001.11.25"]
[SourceVersion "1"]
[SourceVersionDate "2001.11.25"]
[SourceQuality "1"]
[WhiteTeam "Schwedt"]
[BlackTeam "Rehberge"]
[WhiteTeamCountry "GER"]
[BlackTeamCountry "GER"]

1. e4 c6 2. c4 e5 3. Nf3 Qa5 4. Nc3 Bb4 5. Be2 Nf6 6. Qc2 0-0 7. 0-0 Re8 8. a3 Bf8 9. b4 Qc7 10. d4 d6 11. Bg5 Nbd7 12. h3 h6 13. Be3 g6 14. Rad1 b6 15. d5 c5 16. Ne1 a6 17. Nd3 Bg7 18. Rb1 g5 19. Qd2 Nf8 20. Rb3 Ng6 21. Rfb1 Kh7 22. a4 Rg8 23. bxc5 bxc5 24. Rb6 g4 25. hxg4 Bxg4 26. Rb7 Qd8 27. Rxf7 Nh8 28. Rfb7 Bc8 29. R7b6 Bf8 30. f4 Nd7 31. R6b3 exf4 32. Bxf4 Bg7 33. e5 dxe5 34. Be3 Ng6 35. Nxc5 Nxc5 36. Bxc5 Nf4 37. Bf3 Bf5 38. Ne4 Rc8 39. Bb6 Qf8 40. c5 Kh8 41. c6 Bf6 42. Bc5 Qf7 43. Nxf6 Qxf6 44. Re1 Rg7 45. Rb7 Nd3 46. Rxg7 Qxg7 47. Be4 Bxe4 48. Rxe4 Nxc5 49. Rh4 e4 50. Rxh6+ Kg8 51. Rh5 Qa1+ 52. Kh2 Qf6 53. Qe3 Nd3 54. Qxe4 Qf4+ 55. Qxf4 Nxf4 56. Rg5+ Kh7 57. Rf5 Nd3 58. g4 Kg6 59. Kg3 Nb4 60. Kf4 Re8 61. c7 Nd3+ 62. Kf3 Nc5 63. d6 Nd7 64. Kf4 Nb6 65. a5 Nd7 66. g5 Rh8 67. Rf6+ Kg7 68. Ke4 Rh4+ 69. Kd5 Rh8 70. Rf5 1-0

[Event "Oberliga Nord O 0001"]
[Site "Germany"]
[Date "2000.??.??"]
[Round "?"]
[White "Pieniazek, Artur"]
[Black "Schurade, Matthias"]
[Result "0-1"]
[WhiteElo "2390"]
[BlackElo "2345"]
[PlyCount "82"]
[EventDate "2000.10.??"]
[EventType "team"]
[EventRounds "9"]
[EventCountry "GER"]
[SourceTitle "EXT 2004"]
[Source "ChessBase"]
[SourceDate "2003.11.25"]
[SourceVersion "1"]
[SourceVersionDate "2003.11.25"]
[SourceQuality "1"]

1. d4 d5 2. c4 c6 3. Nf3 Nf6 4. Nc3 dxc4 5. a4 Na6 6. e3 Nb4 7. Bxc4 a5 8. Qb3 e6 9. e4 Be7 10. 0-0 0-0 11. Bg5 b6 12. Rfe1 Ba6 13. Bxa6 Rxa6 14. Rad1 h6 15. Bh4 Ra7 16. Ne5 Nd7 17. Bxe7 Qxe7 18. Nc4 e5 19. Ne3 exd4 20. Rxd4 Nc5 21. Qd1 g6 22. Nc4 Rb7 23. e5 Qe6 24. Ne4 Nxe4 25. Rexe4 Nd5 26. Qd2 Kg7 27. Ne3 Nxe3 28. Rxe3 Re8 29. Qc3 Kg8 30. Rd6 Qa2 31. e6 Rbe7 32. exf7+ Qxf7 33. Qxc6 Rxe3 34. Rxg6+ Kh7 35. Rxh6+ Kg7 36. fxe3 Rxe3 37. h3 Re1+ 38. Kh2 Qf4+ 39. g3 Qf2+ 40. Qg2 Qxg2+ 41. Kxg2 Kxh6 0-1

[Event "Oberliga Nord O 0001"]
[Site "Germany"]
[Date "2000.??.??"]
[Round "?"]
[White "Schoewel, Matthias"]
[Black "Schurade, Matthias"]
[Result "1/2-1/2"]
[WhiteElo "2265"]
[BlackElo "2345"]
[PlyCount "90"]
[EventDate "2000.10.??"]
[EventType "team"]
[EventRounds "9"]
[EventCountry "GER"]
[SourceTitle "EXT 2004"]
[Source "ChessBase"]
[SourceDate "2003.11.25"]
[SourceVersion "1"]
[SourceVersionDate "2003.11.25"]
[SourceQuality "1"]

1. e4 c5 2. Nf3 d6 3. d4 cxd4 4. Nxd4 Nf6 5. Nc3 a6 6. Be3 e5 7. Nb3 Be7 8. Be2 Be6 9. 0-0 Nbd7 10. a4 Rc8 11. f4 0-0 12. f5 Bc4 13. Bxc4 Rxc4 14. Qd3 Qc7 15. Kh1 Rc8 16. Bd2 h6 17. Rae1 Nb6 18. a5 Na4 19. Nxa4 Rxa4 20. Bc3 Qc6 21. Nd2 Bd8 22. Ra1 Rxa1 23. Rxa1 d5 24. exd5 Nxd5 25. Bxe5 Qxc2 26. Qd4 Qc1+ 27. Rxc1 Rxc1+ 28. Qg1 Rxg1+ 29. Kxg1 Bxa5 30. Nc4 Bb4 31. Bd4 Ne7 32. g4 Nc6 33. Bb6 Kf8 34. Kf2 Ke7 35. Ke3 g6 36. fxg6 fxg6 37. Ke4 Ke6 38. h3 Be1 39. b3 Bb4 40. Nb2 h5 41. gxh5 gxh5 42. Nd3 Bd6 43. Bc5 Bc7 44. Bf2 b6 45. Nf4+ Bxf4 1/2-1/2

[Event "Oberliga Nord O 9899"]
[Site "Germany"]
[Date "1999.??.??"]
[Round "?"]
[White "Schmidt, Wolfgang2222"]
[Black "Schurade, Matthias"]
[Result "0-1"]
[WhiteElo "2160"]
[BlackElo "2360"]
[PlyCount "50"]
[EventDate "1998.10.??"]
[EventType "team"]
[EventRounds "9"]
[EventCountry "GER"]
[SourceTitle "EXT 2000"]
[Source "ChessBase"]
[SourceDate "1999.11.16"]
[SourceVersion "1"]
[SourceVersionDate "1999.11.16"]
[SourceQuality "1"]

1. e4 c5 2. Nf3 d6 3. d4 cxd4 4. Nxd4 Nf6 5. Nc3 a6 6. Bc4 e6 7. Bb3 b5 8. 0-0 Be7 9. f4 0-0 10. e5 dxe5 11. fxe5 Nfd7 12. Be3 Qc7 13. Nxe6 fxe6 14. Bxe6+ Kh8 15. Rxf8+ Bxf8 16. Qf3 Bc5 17. Nd5 Bxe3+ 18. Nxe3 Nc6 19. Rf1 Bb7 20. Bxd7 Ne7 21. Qf8+ Rxf8 22. Rxf8+ Ng8 23. Be6 h5 24. Rxg8+ Kh7 25. Nf5 Qb6+ 0-1

[Event "Oberliga Nord O 9798"]
[Site "Germany"]
[Date "1998.??.??"]
[Round "?"]
[White "Bagirov, Vladimir"]
[Black "Schurade, Matthias"]
[Result "1-0"]
[WhiteElo "2495"]
[BlackElo "2350"]
[PlyCount "95"]
[EventDate "1997.10.??"]
[EventType "team"]
[EventRounds "9"]
[EventCountry "GER"]
[SourceTitle "EXT 1999"]
[Source "ChessBase"]
[SourceDate "1998.11.16"]
[SourceVersion "1"]
[SourceVersionDate "1998.11.16"]
[SourceQuality "1"]

1. d4 d5 2. c4 c6 3. Nf3 Nf6 4. Nc3 dxc4 5. a4 Bg4 6. Ne5 Bh5 7. h3 Na6 8. g4 Bg6 9. Bg2 Nb4 10. 0-0 Bc2 11. Qd2 Bb3 12. Ne4 a5 13. Ng5 Qb6 14. Ngxf7 c3 15. bxc3 Bxf7 16. cxb4 axb4 17. g5 Nd5 18. Bb2 e6 19. e4 Nc3 20. Bxc3 bxc3 21. Qxc3 Qc7 22. f4 Rd8 23. a5 Bd6 24. Nxf7 Qxf7 25. a6 0-0 26. axb7 Qxb7 27. e5 Bc7 28. Bxc6 Qb6 29. Rfb1 Qxd4+ 30. Qxd4 Rxd4 31. Rb7 Bd8 32. Raa7 Kh8 33. Rxg7 Rfxf4 34. Rxh7+ Kg8 35. g6 Bb6 36. Rag7+ Kf8 37. Rf7+ Kg8 38. Rhg7+ Kh8 39. Rh7+ Kg8 40. Rxf4 Rxf4+ 41. Kg2 Rf5 42. h4 Rxe5 43. Kf3 Bd8 44. h5 Bf6 45. Be4 Bg5 46. h6 Bc1 47. Rg7+ Kh8 48. Rc7 1-0

[Event "Oberliga Nord O 9899"]
[Site "Germany"]
[Date "1998.??.??"]
[Round "?"]
[White "Brustkern, Juergen"]
[Black "Schurade, Matthias"]
[Result "1-0"]
[WhiteElo "2255"]
[BlackElo "2360"]
[PlyCount "65"]
[EventDate "1998.10.??"]
[EventType "team"]
[EventRounds "9"]
[EventCountry "GER"]
[SourceTitle "EXT 2000"]
[Source "ChessBase"]
[SourceDate "1999.11.16"]
[SourceVersion "1"]
[SourceVersionDate "1999.11.16"]
[SourceQuality "1"]

1. e4 c5 2. Nc3 d6 3. Nge2 Nf6 4. g3 g6 5. d4 cxd4 6. Nxd4 Bg7 7. Bg2 0-0 8. h3 Bd7 9. 0-0 Nc6 10. Nde2 Rc8 11. Be3 a6 12. a4 Ne5 13. b3 Qa5 14. Nd5 Nxd5 15. exd5 Bf5 16. Rc1 f6 17. f4 Nf7 18. Nd4 Bd7 19. Re1 f5 20. c4 Nd8 21. Bf2 Re8 22. Bf3 b5 23. axb5 axb5 24. Ra1 Qc7 25. cxb5 Bxd4 26. Bxd4 Bxb5 27. Ra7 Nb7 28. Be2 Qd7 29. Ba1 Kf7 30. Qd4 Rg8 31. Qb6 Bxe2 32. Rxb7 Qd8 33. Qe3 1-0

[Event "Oberliga Nord O 9798"]
[Site "Germany"]
[Date "1998.??.??"]
[Round "?"]
[White "Schurade, Matthias"]
[Black "Kleeschaetzky, Rainer"]
[Result "1/2-1/2"]
[WhiteElo "2350"]
[BlackElo "2330"]
[PlyCount "60"]
[EventDate "1997.10.??"]
[EventType "team"]
[EventRounds "9"]
[EventCountry "GER"]
[SourceTitle "EXT 1999"]
[Source "ChessBase"]
[SourceDate "1998.11.16"]
[SourceVersion "1"]
[SourceVersionDate "1998.11.16"]
[SourceQuality "1"]

1. e4 e6 2. d4 d5 3. Nd2 Nc6 4. Ngf3 Nf6 5. e5 Nd7 6. c3 f6 7. Bb5 fxe5 8. dxe5 Be7 9. 0-0 0-0 10. Re1 Qe8 11. Nf1 Nc5 12. Ng3 a6 13. Bf1 a5 14. Nd4 Bd7 15. Nb3 Qf7 16. Qc2 Qg6 17. Qxg6 hxg6 18. Nxc5 Bxc5 19. Be3 Bxe3 20. Rxe3 Ne7 21. Bd3 c5 22. Ne2 b5 23. Rg3 Be8 24. a3 a4 25. h3 Rb8 26. Rc1 Rb6 27. Rg4 Nf5 28. Rf4 Ne7 29. Rg4 Nf5 30. Rf4 Ne7 1/2-1/2

[Event "Oberliga Nord O 9798"]
[Site "Germany"]
[Date "1998.??.??"]
[Round "?"]
[White "Seils, Joerg"]
[Black "Schurade, Matthias"]
[Result "1/2-1/2"]
[WhiteElo "2370"]
[BlackElo "2350"]
[PlyCount "123"]
[EventDate "1997.10.??"]
[EventType "team"]
[EventRounds "9"]
[EventCountry "GER"]
[SourceTitle "EXT 1999"]
[Source "ChessBase"]
[SourceDate "1998.11.16"]
[SourceVersion "1"]
[SourceVersionDate "1998.11.16"]
[SourceQuality "1"]

1. e4 c5 2. Nf3 d6 3. Bb5+ Nd7 4. 0-0 Ngf6 5. Re1 e6 6. c3 Be7 7. d4 0-0 8. e5 Nd5 9. exd6 Bxd6 10. Nbd2 N7f6 11. Ne4 a6 12. Nxd6 Qxd6 13. dxc5 Qxc5 14. Bd3 b5 15. Qe2 Bb7 16. a4 e5 17. Qxe5 Rae8 18. Be3 Qc6 19. axb5 axb5 20. Qd4 Nxe3 21. Rxe3 Rd8 22. Qh4 h6 23. Bf1 Rd5 24. Rae1 Rfd8 25. Nd4 Qb6 26. Re7 Rh5 27. Qf4 b4 28. Qc7 Qxc7 29. Rxc7 bxc3 30. bxc3 Bd5 31. f4 g5 32. Nc6 Bxc6 33. Rxc6 Kg7 34. fxg5 Rxg5 35. Re3 Rd1 36. Rf3 Ng4 37. Rc7 Ne5 38. Rf4 Kg6 39. c4 f6 40. Rc8 Kf7 41. h4 Rg4 42. Rc7+ Ke6 43. Rf2 Rxc4 44. Rxc4 Nxc4 45. Kh2 Ne5 46. Kh3 Rd4 47. Ra2 Rb4 48. Ra6+ Kf5 49. Be2 Rb3+ 50. g3 Re3 51. Bd1 Rc3 52. Bh5 Nd3 53. Ra5+ Nc5 54. Rb5 Ke6 55. Rb8 f5 56. Re8+ Kd6 57. Kh2 Ne4 58. Rg8 Ke5 59. Rg6 Rc2+ 60. Kg1 Rc1+ 61. Kg2 Rc2+ 62. Kg1 1/2-1/2

[Event "Oberliga Nord O 9798"]
[Site "Germany"]
[Date "1997.??.??"]
[Round "?"]
[White "Maksimenko, Andrei"]
[Black "Schurade, Matthias"]
[Result "1/2-1/2"]
[WhiteElo "2515"]
[BlackElo "2350"]
[PlyCount "59"]
[EventDate "1997.10.??"]
[EventType "team"]
[EventRounds "9"]
[EventCountry "GER"]
[SourceTitle "EXT 1999"]
[Source "ChessBase"]
[SourceDate "1998.11.16"]
[SourceVersion "1"]
[SourceVersionDate "1998.11.16"]
[SourceQuality "1"]

1. e4 c5 2. Nf3 d6 3. d4 cxd4 4. Nxd4 Nf6 5. Nc3 a6 6. a4 e6 7. Be2 Qc7 8. 0-0 b6 9. f4 Nbd7 10. Kh1 Bb7 11. Bf3 Be7 12. g4 h6 13. Qe2 g6 14. Nb3 Rc8 15. Be3 e5 16. f5 Qc4 17. Qg2 gxf5 18. Nd2 Qb4 19. exf5 Bxf3 20. Qxf3 Qxb2 21. Nce4 d5 22. Nxf6+ Nxf6 23. c4 d4 24. Qb7 Rd8 25. g5 hxg5 26. Bxg5 Nd7 27. f6 Bc5 28. Ne4 d3 29. Rae1 Qd4 30. Qd5 1/2-1/2

[Event "Oberliga Nord O 9798"]
[Site "Germany"]
[Date "1997.??.??"]
[Round "?"]
[White "Trenner, Rolf"]
[Black "Schurade, Matthias"]
[Result "1/2-1/2"]
[WhiteElo "2245"]
[BlackElo "2350"]
[PlyCount "93"]
[EventDate "1997.10.??"]
[EventType "team"]
[EventRounds "9"]
[EventCountry "GER"]
[SourceTitle "EXT 1999"]
[Source "ChessBase"]
[SourceDate "1998.11.16"]
[SourceVersion "1"]
[SourceVersionDate "1998.11.16"]
[SourceQuality "1"]

1. d4 d5 2. c4 c6 3. Nf3 Nf6 4. cxd5 cxd5 5. Nc3 Nc6 6. Bf4 Bf5 7. e3 e6 8. Bd3 Bxd3 9. Qxd3 Be7 10. 0-0 a6 11. Ne5 Nxe5 12. Bxe5 0-0 13. Rac1 Qa5 14. a3 Rfc8 15. Bxf6 Bxf6 16. Ne2 b5 17. Rc2 Rc4 18. Rfc1 Rac8 19. Kf1 g6 20. h3 Be7 21. Rxc4 bxc4 22. Qc3 Qb6 23. Rc2 Rb8 24. Qd2 Qd6 25. g3 Bd8 26. Kg2 Rb3 27. Nc1 Rb5 28. Ne2 Ba5 29. Qd1 Qb8 30. Qc1 Rb3 31. Kh2 Qb5 32. Kg2 Kg7 33. Kh2 h6 34. Kg2 f5 35. h4 g5 36. hxg5 hxg5 37. Kh2 Kg6 38. Kg2 Qb7 39. Kh2 c3 40. Nxc3 Bxc3 41. Rxc3 Rxb2 42. Qf1 Ra2 43. Kg2 Qb2 44. Rc6 Kf6 45. Rxa6 Qc2 46. Rb6 Rxa3 47. Qb1 1/2-1/2

[Event "Oberliga Nord N 9495"]
[Site "Germany"]
[Date "1995.??.??"]
[Round "?"]
[White "Schurade, Matthias"]
[Black "Meyer, Falko"]
[Result "0-1"]
[WhiteElo "2345"]
[BlackElo "2260"]
[PlyCount "70"]
[EventDate "1994.10.??"]
[EventType "team"]
[EventRounds "9"]
[EventCountry "GER"]
[SourceTitle "EXT 1999"]
[Source "ChessBase"]
[SourceDate "1998.11.16"]
[SourceVersion "1"]
[SourceVersionDate "1998.11.16"]
[SourceQuality "1"]

1. e4 d6 2. d4 Nf6 3. Nc3 c6 4. Nf3 Bg4 5. Bc4 e6 6. h3 Bxf3 7. Qxf3 d5 8. exd5 cxd5 9. Bd3 Nc6 10. Ne2 a6 11. c3 Be7 12. Bf4 b5 13. 0-0 Qb6 14. Rfe1 Rc8 15. Ng3 0-0 16. Be5 Ne8 17. Nf5 Bf6 18. a4 Bxe5 19. dxe5 Qc7 20. axb5 axb5 21. Nd4 Nxd4 22. cxd4 Qb6 23. Qf4 Nc7 24. Re3 f5 25. exf6 Rxf6 26. Qe5 Ne8 27. Rg3 Qb8 28. Qh5 g6 29. Qe2 Qf4 30. Bxb5 Nd6 31. Bd7 Rc1+ 32. Rxc1 Qxc1+ 33. Kh2 Ne4 34. Qa6 Nxg3 35. Bxe6+ Kg7 0-1